Presidential Before & After Quiz Stats

Quiz Updated Jun 23, 2016

Also try: Before and After
Challenge
Share
Tweet
Embed
Score 0/35 Timer 10:00
0 Plays Today
Clue Combination % Correct
Ashton Kutcher can't find his vehicle in this filmDude, Where's My Carter?
84.6%
Scope or Listerinemouthwashington
76.9%
Bird that rises from the ashesPhoenixon
72.2%
Squirtle, Charmader or PikachuPokémonroe
70.5%
Paul Bunyan's occupationlumberjackson
70.5%
Kim Jong-il's countryNorth Koreagan
66.7%
'Stairway to Heaven' band Led Zeppelincoln
65.6%
Temper _____
(fit of rage)
tantruman
60.8%
English charter of 1215 Magna Cartaft
60.7%
Partner of oil,
in a restaurant
vinegarfield
59.9%
Pre-Google search engineYahoover
59.7%
Longtime leader of CubaFidel Castroosevelt
58.4%
First oral drug to treat EDViagrant
58.3%
Collarboneclavicleveland
57.8%
Stringed instrument with a twangbanjohnson
57.5%
Title for a karate instructorSenseisenhower
56.1%
Ohio's largest cityColumbush
54.6%
John McClane franchiseDie Harding
53.9%
Clue Combination % Correct
Winnipeg's provinceManitobama
51.8%
1588 fleet of shipsSpanish Armadams
51.5%
Ford Windstar or Chrysler VoyagerMinivan buren
50.9%
The Fresh Prince's hip-hop partnerDJ Jazzy Jefferson
48.7%
Place where garbage is buriedlandfillmore
47.4%
Cigarette ingredienttobaccoolidge
45.1%
Xerox machinephotocopierce
44.7%
Ali once known as CassiusMuhammadison
39.6%
Star of 'Grease' and 'Hairspray'John Travoltaylor
38.3%
Intergovernmental police organizationInterpolk
38.1%
Slang for going to bed Hit the hayes
36.2%
Famous Robert Frost poemThe Road Not Takennedy
27.4%
Country south of TanzaniaMalawilson
26.6%
Title for a Sith LordDarthur
25.4%
Afghanistan's second largest cityKandaharrison
24.6%
Pepperdine University localeMalibuchanan
21.2%
Improvised rapfreestyler
21.1%

You're not logged in!

Compare scores with friends on all Sporcle quizzes.
Sign Up with Email
OR
Log In

You Might Also Like...

Show Comments

Extras

Top Quizzes Today


Score Distribution

Your Account Isn't Verified!

In order to create a playlist on Sporcle, you need to verify the email address you used during registration. Go to your Sporcle Settings to finish the process.